| 000 | 00416pab a2200157 454500 | ||
|---|---|---|---|
| 008 | 180718b2005 xxu||||| |||| 00| 0 eng d | ||
| 100 | _aChung, Chulhee | ||
| 245 | _aThe new class and democratic social relations in South Korea | ||
| 260 | _c2005 | ||
| 300 | _ap.225-46. | ||
| 362 | _aJun | ||
| 650 | _aSocial class - South Korea | ||
| 650 | _aSocial class | ||
| 773 | _aInternational Sociology | ||
| 909 | _a65179 | ||
| 999 |
_c65179 _d65179 |
||